000 02607nam a2200349 a 4500
001 000008527
003 DO-SdBNP
005 20250626115039.0
007 000008527
008 090917t1995 dr c 001 mdspa d
020 _a846053247X
040 _aBPMSU
_bspa
_cBPMSU
082 4 _a809.04
_bL296o 1995
_222
100 1 _aLantigua, José Rafael,
_d1949-
245 1 3 _aEl oficio de la palabra :
_bconversaciones literarias /
_cJosé Rafael Lantigua.
260 _aSanto Domingo :
_bEdiciones La Trinitaria,
_c1995.
300 _a235 p. :
_bretrs. ;
_c21 cm.
500 _aIncluye datos biográficos del autor en la solapa de la cubierta.
500 _aIncluye notas biobibliográficas de los autores entrevistados.
500 _aCompilación de entrevistas realizadas por el autor en la sección literaria "Biblioteca" del diario Última Hora.
505 0 _gIntroducción --
_tLos mejores intelectuales se forman en el exterior /
_rDiógenes Céspedes --
_tEl cuentista nace siendo cuentista /
_rVirgilio Díaz Grullón --
_tLa revolución poética debe ser radical /
_rJosé Mármol
_t"En literatura, como en boxeo, hay de todos los pesos" /
_rPlinio Apuleyo Mendoza --
_t"He leído El Quijote 21 veces" /
_rJuan Bosch --
_t"La literatura es selección y la mejor antología la hace el tiempo" /
_rMateo Morrison --
_t"No olvides que siempre estamos llegando a Pénjamo" /
_rEnriquillo Sánchez --
_t"Soy apenas un pastor que va despertando ovejas dormidas" /
_rRené Rodríguez Soriano --
_tAntes que libro mi obra fue una novela oral /
_rViriato Sención --
_tLa literatura está llena de coartadas /
_rAndrés L. Mateo --
_tEste mundo no sabe de poesía, pero le teme /
_rOded Sverdlik --
_tLa poesía es una flor, la novela es un pulpo /
_rMarcio Veloz Maggiolo --
_tHa sido la voz de los que no tienen voz /
_rMiguel Barnet --
_tFidel leía sobre política, nada de literatura y nunca versos /
_rJose Pardo LLada --
_tNo existe una literatura dominicana en New York /
_rJosé Carvajal --
_tF(r)icciones y confesiones /
_rAlexis Gómez Rosa --
_tEl amor es tan subversivo como la poesía /
_tSoledad Álvarez --
_gApéndice --
_gNotas bio-bibliográficas.
590 _6Inventariado, 2021/VM
650 4 _aAutores latinoamericanos
_xEntrevistas
650 4 _aAutores dominicanos
_xEntrevistas
650 4 _aLiteratura
_xHistoria y crítica
650 4 _aAutores en la literatura
650 4 _aLitieratura dominicana
650 4 _aDiarios dominicanos
_xSecciones, columnas, etc.
730 0 _aÚltima Hora (República Dominicana)
910 _aVMateo V. / Validado. Control de calidad EMS.
942 _2ddc
_cBK
999 _c7988
_d7988